|
|
|
|
| LEADER |
00970nam a2200241 a 4500 |
| 001 |
18780794 |
| 008 |
090512s1989 ii b 000 0 eng d |
| 010 |
|
|
|a 88038195
|
| 020 |
|
|
|a 0803995997 (U.S.)
|
| 020 |
|
|
|a 8170361397(India)
|
| 040 |
|
|
|a DLC
|c DLC
|d AGL
|d OCL
|
| 082 |
0 |
|
|a 630/.954
|2 19
|
| 245 |
0 |
0 |
|a Communication and Indian agriculture /
|c edited by Ronald E. Ostman.
|
| 260 |
|
|
|a New Delhi ;
|a Newbury Park, Calif. :
|b Sage Publications,
|c 1989.
|
| 300 |
|
|
|a 319 p. ;
|c 23 cm.
|
| 504 |
|
|
|a Includes bibliographical references.
|
| 541 |
1 |
|
|e 00007235
|
| 650 |
|
0 |
|a Communication in agriculture
|z India.
|
| 650 |
|
0 |
|a Communication in rural development
|z India.
|
| 700 |
1 |
|
|a Ostman, Ronald Elroy.
|
| 852 |
4 |
|
|a Ayesha Abed Library
|j Generalshelf
|
| 999 |
|
|
|c 617
|d 617
|
| 952 |
|
|
|0 0
|1 0
|2 ddc
|4 0
|6 630_954000000000000_COM_1989
|7 0
|8 NFIC
|9 567
|a BRACUL
|b BRACUL
|c GEN
|d 2009-05-12
|g 0.00
|l 0
|o 630.954 COM
|p 3010007235
|r 2009-05-12
|t 1
|w 2009-05-12
|y BK
|x No price found in the accession register.
|